Music Quiz

Random Music or Missing Word Quiz

Missing Word: Acrostic Taylor Swift Songs Quiz Stats

 Plays Quiz not verified by Sporcle

Score 0/11 Timer 03:00
4 Plays Today
Song Title Missing Word % Correct
We Are Never Ever Getting Back ____Together
99.3%
Shake ____ OffIt
98.5%
____ StoryLove
98.4%
I'm Only Me When I'm with ____You
98.4%
Begin ____Again
96.3%
Blank ____Space
95.2%
____ & AlwaysForever
95.2%
____ HorseWhite
95%
____ SongOur
93%
I Knew You Were ____Trouble
91.2%
...____ for It?Ready
88.5%

You're not logged in!

Compare scores with friends on all Sporcle quizzes.
OR
Log In

Show Comments

Extras

Top Quizzes Today


Score Distribution

Your Account Isn't Verified!

In order to create a playlist on Sporcle, you need to verify the email address you used during registration. Go to your Sporcle Settings to finish the process.

Report this User

Report this user for behavior that violates our Community Guidelines.

Details: